IL ROTULO DI SAN TEOBALDO ROGGERI. (Record n. 268667)
[ formato base ]
| 000 -LEADER | |
|---|---|
| fixed length control field | 01237nam a2200229Ia 4500 |
| 001 - CONTROL NUMBER | |
| control field | L235-9491 |
| 003 - CONTROL NUMBER IDENTIFIER | |
| control field | IT-CnALBA |
| 008 - FIXED-LENGTH DATA ELEMENTS--GENERAL INFORMATION | |
| fixed length control field | 170116s9999||||xx |||||||||||||| ||und|| |
| 040 ## - CATALOGING SOURCE | |
| Original cataloging agency | IT-CnALBA |
| Transcribing agency | IT-CnALBA |
| 041 ## - LANGUAGE CODE | |
| Language code of text/sound track or separate title | ITALIANO |
| 999 ## - SYSTEM CONTROL NUMBERS (KOHA) | |
| Koha Dewey Subclass [OBSOLETE] | SI |
| 100 ## - MAIN ENTRY--PERSONAL NAME | |
| Personal name | GIORDANO LUIGI, CANONICO |
| 245 #0 - TITLE STATEMENT | |
| Title | IL ROTULO DI SAN TEOBALDO ROGGERI. |
| 250 ## - EDITION STATEMENT | |
| Edition statement | 1a ed. |
| 260 ## - PUBLICATION, DISTRIBUTION, ETC. (IMPRINT) | |
| Place of publication, distribution, etc. | ALBA (CN) |
| Name of publisher, distributor, etc. | SANSOLDI TIP. LIBR. DIOCESANA |
| Date of publication, distribution, etc. | 1929 [1° Ed.:1929 - Ed.Ling.Originale: 1929] |
| 300 ## - PHYSICAL DESCRIPTION | |
| Extent | 164 p. (prefazione: 3) |
| 500 ## - GENERAL NOTE | |
| General note | VITA FRANCESCANA NEL SECOLO XII IN PIEMONTE. CODICE MEMBRANACEO DEL SECOLO XIV. DALL'ARCHIVIO CAPITOLARE DI ALBA. DESCRIZIONE DEL CODICE. FONTI. TESTO. VERSIONE. VALORE STORICO E AGIOGRAFICO. BIOGRAFI DI SAN TEOBALDO. TEOBALDO NEGLI SCRITTI DEL BARONE DI |
| 501 ## - WITH NOTE | |
| With note | Società San Paolo EM - Piazza San Paolo, 14 - 12051 ALBA (CN) (non commercial uses only) ® Copyright 2017 |
| 520 ## - SUMMARY, ETC. | |
| Summary, etc. | VITA FRANCESCANA NEL SECOLO XII IN PIEMONTE. CODICE MEMBRANACEO DEL SECOLO XIV. DALL'ARCHIVIO CAPITOLARE DI ALBA. DESCRIZIONE DEL CODICE. FONTI. TESTO. VERSIONE. VALORE STORICO E AGIOGRAFICO. BIOGRAFI DI SAN TEOBALDO. TEOBALDO NEGLI SCRITTI DEL BARONE DI |
| 650 ## - SUBJECT ADDED ENTRY--TOPICAL TERM | |
| Topical term or geographic name as entry element | MARIA SS. ANGELI SANTI DEMONI |
| 942 ## - ADDED ENTRY ELEMENTS (KOHA) | |
| Koha item type | LIBRO |
| 957 ## - | |
| -- | 1 |
| 999 ## - SYSTEM CONTROL NUMBERS (KOHA) | |
| -- | Copie: 1 |
| Withdrawn status | Lost status | Damaged status | Not for loan | Home library | Current library | Date acquired | Total Checkouts | Full call number | Date last seen | Price effective from | Koha item type | Public note |
|---|---|---|---|---|---|---|---|---|---|---|---|---|
| Buone Condizioni | Not For Loan | ALBA - Biblioteca | ALBA - Biblioteca | 16/01/2017 | L235-9491 | 16/01/2017 | 16/01/2017 | LIBRO | (data import: 16 gennaio 2017) - By Epidotti, Vaglietti. |